000 01128cam a22003733a 4500
001 13679307
003 OSt
005 20140310181950.0
008 970822s1997 nyu j 000 1 eng d
010 _a 2004596341
020 _a0590568973
035 _a(OCoLC)ocm37516325
040 _aBIB
_cBIB
_dSLC
_dOCLCQ
_dDLC
042 _alccopycat
050 0 0 _aPZ 7
_b.St859 1997
082 _aKF
_bSt5g #59
100 1 _aStine, R. L.
_93762
245 1 4 _aThe haunted school /
_cR.L. Stine.
260 _aNew York :
_bScholastic,
_c1997.
300 _a120 p. ;
_c20 cm.
490 1 _aGoosebumps ;
_v#59
500 _a"An Apple paperback."
500 _a"A Parachute Press book"--T.p. verso.
541 _j1
562 _e1
650 0 _aHorror tales.
_93763
655 7 _aChildren's stories.
_2lcsh
_93012
655 7 _aHorror fiction.
_2gsafd
_93405
710 2 _aCopyright Paperback Collection (Library of Congress)
_5DLC
_9705
800 1 _aStine, R. L.
_tGoosebumps ;
_v#59.
_94239
906 _a7
_bcbc
_ccopycat
_d2
_encip
_f20
_gy-genrareb
942 _2lcc
_cBK-KF
_kKF
999 _c7840
_d7840